LEADER 00857nam0-22002891i-450- 001 990002512960403321 010 $a0803946643 035 $a000251296 035 $aFED01000251296 035 $a(Aleph)000251296FED01 035 $a000251296 100 $a20000920d1993----km-y0itay50------ba 101 0 $aENG 200 1 $aNonparametric Measures of Association$fJean Dickinson Gibbons. 210 $aNewbury Park$cSage$d1993. 215 $aV, 96 p.$d22 cm 610 0 $aManuali generali di consultazione, Serie, Analisi dei dati categorizzati 676 $a300 700 1$aGibbons,$bJean Dickinson$f<1938- >$0102083 801 0$aIT$bUNINA$gRICA$2UNIMARC 901 $aBK 912 $a990002512960403321 952 $aXXIX-D-76$b2304$fMAS 959 $aMAS 996 $aNonparametric Measures of Association$9439777 997 $aUNINA DB $aING01 LEADER 01480nam a2200313 i 4500 001 991000532659707536 005 20020503183533.0 008 980527s1997 it ita 020 $a8845307387 035 $ab10091609-39ule_inst 035 $aLE02517779$9ExL 040 $aFac. Economia$bita 082 0 $a658.15 100 1 $aBrusa, Luigi$0108802 245 10$aFinanza d'impresa :$blogiche e strumenti di gestione finanziaria :$bmodello contabile e modello del valore /$cLuigi Brusa, Luciana Zamprogna 260 $a[Milano] :$bETAS libri,$c1997 300 $axiii, 358 p. ;$c24 cm 490 0 $aGestione d'impresa. Finanza 650 4$aImprese$xGestione finanziaria 700 1 $aZamprogna, Luciana$eauthor$4http://id.loc.gov/vocabulary/relators/aut$0369581 907 $a.b10091609$b29-05-19$c27-06-02 912 $a991000532659707536 945 $aLE025 ECO 658.1 BRU01.01$g1$i2025000044197$lle025$o-$pE0.00$q-$rl$s- $t0$u7$v2$w7$x0$y.i10106686$z27-06-02 945 $aLE025 ECO 658.1 BRU01.01 $g2$i2025000248960$lle025$o-$pE0.00$q-$rl$s- $t0$u1$v0$w1$x0$y.i14773995$z11-06-08 945 $aLE025 ECO 658.1 BRU01.01 $g3$i2025000249899$lle025$o-$pE0.00$q-$rl$s- $t0$u0$v0$w0$x0$y.i14775347$z13-06-08 945 $aLE025 ECO 658.1 BRU01.01$g4$i2025000169319$lle025$nCatalogato 2019$o-$pE0.00$q-$rl$s- $t0$u1$v0$w1$x0$y.i13863952$z23-09-04 996 $aFinanza d'impresa$9466872 997 $aUNISALENTO 998 $ale025$b01-01-98$cm$da $e-$fita$git $h0$i1